01055 2200229 4500001002100000005001500021035002000036007000300056008004100059020002000100082001000120084001600130100002000146245002400166250001100190260003600201300003400237650001000271650001200281520051500293990001700808INLIS00000000000225320260422101724 a0010-0426000010ta260422 g f ind  a978-602-7742-58 a82-31 a82-31 SET w0 aSetiawan, Andry1 aWhen The Star Falls aCet. 1 aJawa Barat :bHaru Media,c2015 a204 hlm :bilus. ;c13 x 1 cm 4aNOVEL 4aROMANCE aWhen The Star Falls adalah sebuah novel fiksi remaja (Young Adult) yang mengusung tema pencarian jati diri, persahabatan, dan kompleksitas perasaan di tengah luka masa lalu. Andry Setiawan menggunakan gaya bahasa yang puitis namun tetap ringan, khas lini "buku-buku penyembuh" (healing books) dari Penerbit Haru. Fokus cerita lebih ditekankan pada perkembangan karakter (character-driven) dan atmosfer cerita yang emosional, mengajak pembaca untuk merenungkan kembali arti kehadiran seseorang dalam hidup kita. a4041/BBPP/26